| 000 | 00417nam a2200169Ia 4500 | ||
|---|---|---|---|
| 008 | 190328s9999||||xx |||||||||||||| ||und|| | ||
| 020 | _a9780195648195 | ||
| 082 |
_a823 _bVER/O |
||
| 100 | _aVerma, S. K. | ||
| 245 | 0 | _aOxford English Hindi Dictionary | |
| 250 | _a20th | ||
| 260 |
_aNew Delhi _bOxford University Press _c2005 |
||
| 300 | _a800 | ||
| 650 | _aDictionaries | ||
| 700 | _aSahai, R. N. | ||
| 942 | _cBK | ||
| 999 |
_c5473 _d5473 |
||